| 000 | 01176nac a22003491u 4500 | ||
|---|---|---|---|
| 003 | EG-ScBUE | ||
| 005 | 20221207104610.0 | ||
| 008 | 130416s2006 vraae f 001 0 eng d | ||
| 020 | _a1875498494 (v. 1) | ||
| 020 | _a1864700386 (v. 2) | ||
| 020 | _a1864700939 (v. 3) | ||
| 020 | _a1876907576 (v. 4) | ||
| 020 | _a1876907800 (v. 5 ) | ||
| 020 | _a1920744282 (v. 6 ) | ||
| 020 | _a9781920744281 | ||
| 040 |
_aEG-ScBUE _beng _erda _cEG-ScBUE _dEG-ScBUE |
||
| 082 | 0 | 4 |
_a725.2 _bDET _222 |
| 245 | 0 | 0 |
_aDetails in design / _cedited by Joseph Boschetti. |
| 264 | 1 |
_aMulgrave, Victoria : _bImages Publishing Group, _c2006. |
|
| 300 |
_a215 pages : _bcolor illustrations, plans ; _c31 cm |
||
| 336 |
_2rdacontent _atext _btxt |
||
| 337 |
_2rdamedia _aunmediated _bn |
||
| 338 |
_2rdacarrier _avolume _bnc |
||
| 500 | _aIncludes index. | ||
| 505 | 0 | _aVolume 1. -- Volume 2. -- Volume 3. -- Volume 4. -- Volume 5.-- Volume 6. | |
| 650 | 7 |
_aDecoration and ornament, Architectural. _2BUEsh _913030 |
|
| 650 | 7 |
_aArchitecture _xDetails. _2BUEsh _926368 |
|
| 653 | _bENGARC | ||
| 655 | _vReading book | ||
| 700 | 1 |
_aBoschetti, Joe, _eeditor. _933108 |
|
| 942 |
_cBB _k725.2 DET _2ddc |
||
| 999 |
_c2947 _d2947 |
||